000 00620nam a2200169 4500
001 111324
003 ES-MaACL
005 20230906185301.0
007 t|
008 061121s1945 sp r ||||1| spa d
100 1 _aNájera Angulo, Luis.
_984870
245 1 3 _aLa existencia de lesiones cutaneas en las Leíshmaniosis visceral mediterránea y su significación epidemiológica /
_cLuis Nájera Angulo.
260 _aBarcelona :
_b[s.n.],
_c[1945?] (
_fImp. Clarasó)
300 _a10 p. ;
_c29 cm.
500 _aSeparata de la Rev. Clínica Española- T. XVIII nº 1, 1945.
852 _aES-MaACL
_j1869-F-15
_bR.22167
999 _c111324
_d111324